000
00315nam a2200133Ia 4500
100
_a
Drucker/ Peter F./ Karamchandani/ C.J.
942
_c
BK
654
_a
Managing for results
245
_a
Managing for results
260
_b
Allied pub.
_a
New Delhi
_c
1980
082
_a
658.4
300
_a
240
546
_a
ENGLISH
999
_c
23696
_d
23696